| 000 | 00766nam a2200265Ia 4500 | ||
|---|---|---|---|
| 001 | Para_4974 | ||
| 003 | CHAP | ||
| 008 | 220125s1939 xx 000 0 und d | ||
| 010 | _a203433 | ||
| 040 | _cCHAP | ||
| 090 | _aPA FOLLETO 2335 | ||
| 100 |
_aBonde, Reiner _913657 |
||
| 245 |
_aBacterial wilt and soft rot of the potato in Maine / _c Reiner Bonde |
||
| 260 |
_aOrono : _b University of Maine |
||
| 300 | _aP. 675-94 | ||
| 440 |
_aMaine Agr. Exp. Sta. Bull; 396 _9169208 |
||
| 650 |
_aPapa _x Enfermedades por bacterias Bacterium solanacearum _9169209 |
||
| 901 | _aPA FOLLETO 2335 | ||
| 902 | _aA | ||
| 905 | _a0000001939 ORO 0000000000 00 | ||
| 910 | _a1939 | ||
| 942 | _cPARA | ||
| 942 |
_cPARA _d1 |
||
| 999 |
_c203433 _d203433 |
||